142_ Personnalités nées un 22 mai par images - Statistiques

Statistiques générales
  • Ce quiz a été pris 20 fois
  • Le résultat moyen est 4 sur 9
Statistiques - réponses
Par images Hint Réponse % Correct
Chanteur Charles Aznavour
100%
Tennisman Novak Djokovic
95%
Dessinateur Hergé
50%
Première Dame Yvonne De Gaulle
45%
Acteur Guy Marchand
35%
Compositeur Richard Wagner
20%
Écrivain Gérard de Nerval
5%
Actrice Lucy Gordon
5%
Écrivain Arthur Conan Doyle
0%
Aucun quiz correspondant
Distribution des résultats
% des personnes avec chaque résultat
Percentile par nombre de réponses
Votre historique - résultats
Vous n’avez pas pris ce quiz